| 000 | 00624nam a22002417a 4500 | ||
|---|---|---|---|
| 003 | UA-OsUOA | ||
| 001 | 28062 | ||
| 007 | ta | ||
| 008 | 20040922b un ||||| |||| 00| 0 ukr d | ||
| 100 | _aТорсуев Г.П. | ||
| 090 |
_a81'342-111 _bТ61 |
||
| 942 | _cBK | ||
| 040 |
_aUA-OsUOA _brus _cUA-OsUOA _dUA-OsUOA |
||
| 245 | _aКонстатность и вариативность в фонетической системе | ||
| 300 | _a125 с. | ||
| 955 | _a0 | ||
| 041 | _arus | ||
| 080 | _a81'342-111 | ||
| 260 |
_aМосква _bНаука _c1977 |
||
| 044 | _aRU | ||
| 650 | 7 | _2UDC | |
| 999 |
_c314418 _d314418 |
||